000 00897nam a22002417a 4500
003 OSt
005 20160913135726.0
008 160322b xxu||||| |||| 00| 0 eng d
020 _a978-1-4422-0218-4
040 _cLIC
082 _22010
_aDC 305.8973
_bB64
100 _94267
_aBonilla-Silva, Eduardo
_d1962-
245 _aRacism without racists :
_bcolor-blind racism and the persistence of racial inequality in the United States /
_cEduardo Bonilla-Silva
250 _aThird Edition
260 _aLanham :
_bRowman & Littlefield Publishers,
_cc2010
300 _axvi, 301 pages ;
_c24 cm.
365 _b2,275.00
_cPhp
500 _aIncludes bibliographical references (p. 277-288) and index.
650 0 _94271
_aMinorities
_xSocial conditions
_zUnited States
650 0 _94272
_aMinorities
_xEconomic conditions
_zUnited States
650 0 _94273
_aRacism
_zUnited States
942 _2ddc
_cDC
999 _c1411
_d1411